Tο Ελληνικό Ισοζύγιο Πληρωμών / Επιπτώσεις από την Ένταξη και την Ενοποίηση της Εσωτερικής Αγοράς της ΕΟΚ: Εκθέσεις 5 (Record no. 1927)
[ view plain ]
| 000 -LEADER | |
|---|---|
| fixed length control field | 01740cam a22001814a 4500 |
| 005 - ΗΜΕΡΟΜΗΝΙΑ ΚΑΙ ΩΡΑ ΤΕΛΕΥΤΑΙΑΣ ΕΝΗΜΕΡΩΣΗΣ | |
| Πεδίο ελέγχου | 20250605164023.0 |
| 008 - FIXED-LENGTH DATA ELEMENTS--GENERAL INFORMATION | |
| Πεδίο ελέγχου σταθερού μήκους | 250528s ||||||||||||||||||||||||d |
| 035 ## - SYSTEM CONTROL NUMBER | |
| System control number | 16427 |
| 040 ## - ΠΗΓΗ ΚΑΤΑΛΟΓΟΓΡΑΦΗΣΗΣ | |
| Φορέας πρωτότυπης καταλογογράφησης | MC Athens Campus Library |
| Γλώσσα καταλογογράφησης | Ελληνικά, Μοντέρνα (1453-) |
| Modifying agency | MC Athens Campus Library |
| Κανόνες περιγραφικής καταλογογράφησης | AACR2 |
| 245 1# - ΤΙΤΛΟΣ ΚΑΙ ΔΗΛΩΣΗ ΥΠΕΥΘΥΝΟΤΗΤΑΣ | |
| Τίτλος | Tο Ελληνικό Ισοζύγιο Πληρωμών / Επιπτώσεις από την Ένταξη και την Ενοποίηση της Εσωτερικής Αγοράς της ΕΟΚ: Εκθέσεις 5 |
| 260 ## - PUBLICATION, DISTRIBUTION, ETC. | |
| Name of publisher, distributor, etc. | Κέντρο Προγραμματισμού Και Οικονομικών Ερευνών, |
| Date of publication, distribution, etc. | 1991 |
| 300 ## - PHYSICAL DESCRIPTION | |
| Extent | 240 |
| 520 ## - SUMMARY, ETC. | |
| Summary, etc. | Εισαγωγή, Εξελίξεις κατά τη Πενταετία 1983-1987, Εξέλιξη των Εμπορικών Συναλλαγών, Διαρθρωτικά Προβλήματα του Ισοζυγίου, Συνολικό Ισοζύγιο, Διαρθρωτικά Προβλήματα των Επιμέρους Κονδυλίων του Ισοζυγίου, Μεταβολές στη Πολιτική και Αναμενόμενες Επιπτώσεις, Πολιτική Ισοζυγίου Πληρωμών μετά τη Λήξη της Μεταβατικής Περιόδου από την Ένταξη και με την Προοπτική της Πλήρους Ενοποίησης της Εσωτερικής Αγοράς της ΕΟΚ, Προοπτικές για την Εξέλιξη του Ισοζυγίου Πληρωμών και του Εξωτερικού Χρέους στην Πενταετία 1988-1992, Συμπεράσματα και Προτάσεις Πολιτικής, Βιβλιογραφία. |
| 700 1# - ΠΡΟΣΘΕΤΗ ΑΝΑΓΡΑΦΗ--ΦΥΣΙΚΟ ΠΡΟΣΩΠΟ | |
| Personal name | Μαρούλης Δημήτριος Κ |
| 9 (RLIN) | 2516 |
| 942 ## - ADDED ENTRY ELEMENTS (KOHA) | |
| Koha item type | Books |
| Τύπος τεκμηρίου | Βιβλιοθήκη | Τρέχουσα τοποθεσία | Barcode | Αριθμός εισαγωγής | Ημερομηνία απόκτησης | Ταξιθετικό σύμβολο | Αριθμός αντιτύπου | Κατάσταση απόσυρσης | Κατάσταση χαμένου | Κατάσταση κατεστραμμένου | Μη δανεισμός | Σύνολο δανεισμών | Ημερομηνία τελευταίας εμφάνισης | Η τιμή ισχύει από |
|---|---|---|---|---|---|---|---|---|---|---|---|---|---|---|
| Books | MC Athens Campus Library | MC Athens Campus Library | 9780000019264 | 4131 | 05/06/2025 | 382.1709495 MAR | 1 | 05/06/2025 | 05/06/2025 |